Artists / Singers by their Songs #18 - Statistics

General Stats
  • This quiz has been taken 193 times
  • The average score is 5 of 10
Answer Stats
Hint Answer % Correct
Clint Eastwood / Feel Good Inc. / 19-2000 / Rhinestone Eyes Gorillaz
71%
With or Without You / One / Where the Streets Have No Name / Beautiful Day U2
70%
Fortunate Son / Bad Moon Rising / Have You Ever Seen The Rain / Proud Mary Creedence Clearwater Revival
64%
Price Tag / Domino / Bang Bang / Nobody’s Perfect Jessie J
62%
Bitter Sweet Symphony / Sonnet / Lucky Man / Love Is Noise The Verve
52%
Without Me / Closer / Him & I / Bad at Love Halsey
51%
Young Dumb & Broke / Eastside / Beautiful People / lovely Khalid
47%
I Like It / La Romana / Yo Perreo Sola / Mia Bad Bunny
27%
The Lady in Red / So Beautiful / Don't Pay the Ferryman / High on Emotion Chris de Burgh
24%
Dilemma / When Love Takes Over / Stole / Work Kelly Rowland
24%
No matching quizzes found
Score Distribution
Percent of People with Each Score
Percentile by Number Answered
Your Score History
You have not taken this quiz